Szczegóły MARC21

Językoznawstwo strukturalne : wybór tekstów /

003 -Nazwa inst., której nr kontr. jest w polu 001 [,]
    • @
    • Nazwa instytucji, której n kontrolny jest w polu 001
    • NUKAT
005 -DATA I CZAS OSTATNIEJ MODYFIKACJI [,]
    • @
    • pole kontrolne
    • 20241231113630.0
020 -Międzynarod. znormalizowany nr książki - ISBN [ , ]
    • a
    • Numer ISBN
    • 8301009926 Find
040 -Instytucja sporządzająca opis [ , ]
    • a
    • Instytucja, która sporządziła opis (NP)
    • LUBL U/MG
    • b
    • Język katalogowania
    • pol
    • e
    • Zasady katalogowania
    • rda
    • c
    • Instytucja, która sporządziła rekord (NP)
    • LUBL U/MG
    • d
    • Instytucja, która zmodyfikowała rekord (P)
    • LUBL U/bg
    • d
    • Instytucja, która zmodyfikowała rekord (P)
    • LUBL U/ABs
    • d
    • Instytucja, która zmodyfikowała rekord (P)
    • KAT U/41BM
942 -Rodzaj dokumentu [ , ]
    • c
    • Rodzaj dokumentu
    • Książka
245 -Strefa tytułu i oznaczenia odpowiedzialności [0,0]
    • a
    • Tytuł
    • Językoznawstwo strukturalne : Find
    • b
    • Ciąg dalszy tytułu (NP)
    • wybór tekstów / Find
    • c
    • Pozostałe elementy strefy tytułu i oznaczenia odpowiedzialności (NP)
    • pod red. Haliny Kurkowskiej i Adama Weinsberga.
260 -Strefa adresu wydawniczego [ , ]
    • a
    • Miejsce wydania (P)
    • Warszawa :
    • b
    • Nazwa wydawcy (P)
    • Państwowe Wydawnictwo Naukowe,
    • c
    • Data wydania (P)
    • 1979.
300 -Strefa opisu fizycznego [ , ]
    • a
    • Określenie formy książki i/lub objętość (NP)
    • 279, [4] strony ;
    • c
    • Format (NP)
    • 24 cm.
336 -Typ zawartości [ , ]
    • a
    • Termin opisujący typ zawartości
    • Tekst
    • b
    • Kod określający zawartość
    • txt
    • 2
    • Źródło (terminu i kodu)
    • rdacontent
337 -Typ mediów [ , ]
    • a
    • Tryb odtwarzania
    • Bez urządzenia pośredniczącego
    • b
    • Kod typu mediów
    • n
    • 2
    • Źródło (terminu i kodu)
    • rdamedia
338 -Typ/rodzaj nośnika [ , ]
    • a
    • Hasło opisujące typ nośnika
    • Wolumin
    • b
    • Kod typu nośnika
    • nc
    • 2
    • Źródło (terminu i kodu)
    • rdacarrier
504 -Uwaga dot. bibliogr. załącznikowej [ , ]
    • a
    • Uwaga dot. bibliografii załącznikowej
    • Bibliografia na stronie 268.
504 -Uwaga dot. bibliogr. załącznikowej [ , ]
    • a
    • Uwaga dot. bibliografii załącznikowej
    • Indeks rzeczowy.
080 -Uniwersalna Klasyfikacja Dziesiętna [ , ]
    • 2
    • Identyfikator wydania tablic
    • UDC-P058
    • a
    • Symbol klasyfikacji
    • 81-11
    • b
    • Dopowiedzenie
    • Szkoły i kierunki w językoznawstwie. Strukturalizm (językoznawstwo strukturalne).
650 -Hasło przedmiotowe [ ,7]
    • a
    • Hasło przedmiotowe
    • Językoznawstwo strukturalne.
    • 2
    • Źródło terminu
    • kaba
    • 9
    • KHW
    • 113649
980 -Symbol UKD [ , ]
    • a
    • UKD
    • 81-11
700 -Hasło dodatkowe - nazwa osobowa [1, ]
    • a
    • Nazwa osobowa (NP)
    • Kurkowska, Halina Find
    • d
    • Daty biograficzne (NP)
    • (1922-1983).
    • e
    • Określenie rodzaju współpracy
    • Redakcja
    • 9
    • KHW
    • 31750
700 -Hasło dodatkowe - nazwa osobowa [1, ]
    • a
    • Nazwa osobowa (NP)
    • Weinsberg, Adam Find
    • d
    • Daty biograficzne (NP)
    • (1918-1992).
    • e
    • Określenie rodzaju współpracy
    • Redakcja
    • 9
    • KHW
    • 27097
710 -Hasło dodatkowe - nazwa ciała zbiorowego [2, ]
    • a
    • Nazwa ciała zbiorowego lub nazwa geograficzna jako pierwszy element (NP)
    • Państwowe Wydawnictwo Naukowe (1951-1992).
    • e
    • Rodzaj współpracy
    • Wydawca
    • 4
    • Kod relacji
    • pbl
    • 9
    • KHW
    • 52048
920 -ISBN [ , ]
    • a
    • ISBN
    • 83-01-00992-6 Find
Uwagi nie widoczne w OPAC Data inwentaryzacji Lokalizacja Status udost. Numer inwentarzowy Obwoluta Sygnatura
retrokonwersja BG1Z.39495 Z.39495
retrokonwersja BG-3W.85900 W.85900
retrokonwersja BG-3W.85901 W.85900
retrokonwersja BG-3W.86417 W.85900
retrokonwersja BG-3W.86418 W.85900
retrokonwersja BG-3W.143585 W.85900
retrokonwersja BM1P.9396 POL. Językoznawstwo 04
 2019-05-08BM1Q.12891 
retrokonwersja BM-3P.2345  
retrokonwersja BM2R.2108  
  BNS1ANS.140129 4/J-48